Normal view
MARC view
- Gupt Ramesh
Entry Personal Name
001 - CONTROL NUMBER
- control field: 213612
003 - CONTROL NUMBER IDENTIFIER
- control field: OSt
005 - DATE AND TIME OF LATEST TRANSACTION
- control field: 20251009111704.0
008 - FIXED-LENGTH DATA ELEMENTS
- fixed length control field: 251009|| aca||aabn | a|a d
040 ## - CATALOGING SOURCE
- Original cataloging agency: OSt
- Transcribing agency: OSt
100 ## - HEADING--PERSONAL NAME
- Personal name: Gupt Ramesh
670 ## - SOURCE DATA FOUND
- Source citation: Work cat.: (OSt)367891: Gupt Ramesh , Krantivir Tatya Tope: Pahilya Swatantryasangramache Amar Senapati , 2018